LEADER 01406nam a2200289 i 4500 001 000000157682 003 CaOOAMICUS 005 20131014000000.0 008 131014s2012 it u000 u ita u 013 $a135041 020 $a978-88-7180-987-8 040 $aSeMil$bita 100 1 $aKoch, Kurt,$c.$0(OLS)http://semarc/name/20112 240 14$aDas Geheimnis des Senfkorns.$0(OLS)http://semarc/title/231275 245 13$aIl mistero del granello di senape :$bfondamenti del pensiero teologico di Benedetto 16 /$cKurt Koch ; con il patrocinio dell'Istituto Papa Benedetto 16. 260 $aTorino :$bLindau,$c2012. 300 $a393 p. ;$c21 cm. 490 0 $aStudi in onore di Joseph Ratzinger 650 4$aBenedetto XVI - Pensiero teologico.$0(OLS)http://semarc/subject/30864 710 0 $aIstituto Papa Benedetto XVI.$0(OLS)http://semarc/name/61542 830 0$aStudi in onore di Joseph Ratzinger.$0(OLS)http://semarc/title/39196 850 $aSeMil 852 $aSeMil$W1$xVenegono$y1$m2A III 267$j109360$B109360$CSeMilBibl$Z2$F185579 $81 961 $aOmaggio: Bressan don Luca 996 $6020$a978-88-7180-987-8$9(OLS)http://semarc/number/148043 996 $6245$aIl mistero del granello di senape :$bfondamenti del pensiero teologico di Benedetto 16$9(OLS)http://semarc/title/231274 996 $6260$aTorino :$bLindau$9(OLS)http://semarc/publisher/32348 LEADER 01375nam a2200289 i 4500 001 000000027403 003 CaOOAMICUS 005 20240430113535.0 008 180830s1737 it u000 u lat u 040 $aSeMil$bita 100 1 $aGonzález Téllez, Manuel,$d.$0(OLS)http://semarc/name/12448 245 10$aD. D. Emanuelis Gonzales Tellez, ... Commentaria perpetua in singulos textus quinque librorum Decretalium Gregorii 9. Tomus 1. [-5.]. 260 $aMaceratae ; Venetiis :$bApud Nicolaum Pezzana,$c1737. 300 $a5 v. ;$cfol. 500 $aFregio con insegne papali sui front. 500 $aLegati insieme i vol. 4 e 5 500 $aIl numero 9 č espresso IX sui front. 650 4$aGregorio IX - Atti e Decreti.$0(OLS)http://semarc/subject/809 700 1 $aPezzana, Nicolň,$c.$0(OLS)http://semarc/name/2800 774 0 $tTomus 1.$g1$w()52435 774 0 $tTomus 2.$g2$w()218636 774 0 $tTomus 3.$g3$w()218637 774 0 $tTomus 4.$g4$w()218635 774 0 $tTomus 5.$g5$w()218638 996 $6245$aD. D. Emanuelis Gonzales Tellez, ... Commentaria perpetua in singulos textus quinque librorum Decretalium Gregorii 9. Tomus 1. [-5.]$9(OLS)http://semarc/title/37096 996 $6260$aMaceratae ; Venetiis :$bApud Nicolaum Pezzana$9(OLS)http://semarc/publisher/37254